000 00327nam a22001457a 4500
008 210520b ||||| |||| 00| 0 eng d
020 _a0520060867
041 _aeng
080 _a330.101.542
082 _a330.101.542
100 _a52
101 _aMIK
245 _aThe Micro-Macro Link
_cAlexander,J.C
942 _2udc
_cBK
999 _c57543
_d57543